Normal view
MARC view
Entry Personal Name
001 - CONTROL NUMBER
- control field: 11028
003 - CONTROL NUMBER IDENTIFIER
- control field: OSt
005 - DATE AND TIME OF LATEST TRANSACTION
- control field: 20220114143258.0
008 - FIXED-LENGTH DATA ELEMENTS
- fixed length control field: 220114|| aca||aabn | a|a d
040 ## - CATALOGING SOURCE
- Original cataloging agency: OSt
- Transcribing agency: OSt
100 ## - HEADING--PERSONAL NAME
- Personal name: Linux, October
670 ## - SOURCE DATA FOUND
- Source citation: Work cat.: (OSt): Linux, October, Distro Pardus Linux, open Gue 8.04, Desktop ed. 3.1, Linux m, 2008